000 01052cam a2200337 a 4500
001 1090460
003 OSt
005 20140310182718.0
008 921014s1993 nyu 000 1 eng
010 _a 92054995
020 _a0449911500
_c$17.00 ($22.50 Can.)
040 _aDLC
_cDLC
_dOCoLC
_dDLC
_dOCoLC
043 _an-us-nh
050 0 0 _aPS 3563
_b.M272 1993
082 0 0 _aM 813.54
_bM31 1993
100 1 _aMandino, Og.
245 1 4 _aThe Twelfth Angel
_cMandino, Og
250 _a1st ed.
260 _aNew York
_bFawcett Columbine
_cc1993
300 _a164 p.
_c22 cm.
521 _aHigh School to College Student
526 _c0L to 1700L
541 _j1
562 _e1
650 0 _aLittle league baseball
_xFiction.
651 0 _aNew Hampshire
_xFiction.
655 7 _aDomestic fiction.
_2lcsh
906 _a7
_bcbc
_corignew
_d1
_eocip
_f19
_gy-gencatlg
942 _2lcc
_cBK
_kM
999 _c15298
_d15298